00819nam a2200241 a 450000100060000000300080000600500170001400800410003102000150007203500190008704000270010604100080013308200270014124501030016826000440027130000340031550400510034965000420040070000360044270000220047870000200050085600570052057837BD-RjUL20211209080546.0161212s2001 uk ab b 001 0 eng  a184064219X a(BD-RjUL)57961 aDLCcDLCdBD-RjULbeng aeng00a307.1216223bURB 200100aUrban planning and management /cedited by Kenneth G. Willis, R. Kerry Turner, and Ian J. Bateman. aCheltenham, UK :bEdward Elgar,cc2001. axxv, 507 p. :bill. ;c25 cm. aIncludes bibliographical references and index. 0aCity planningxEnvironmental aspects.1 aWillis, K. G.q(Kenneth George)1 aTurner, R. Kerry.1 aBateman, Ian J. uManaging the environment for sustainable development